000 00451nam a2200181Ia 4500
001 702
005 20260306140537.0
008 260306t2002||||xx |||||||||||||| ||spa||
041 _aESP
082 _a142.7
_bH97L
100 _aHusserl, Edmund
_eAUT
245 0 _aLecciones de fenomenologĂ­a de la conciencia interna del tiempo
260 _c2002
300 _a173 páginas :
_c23 cm.
650 _aGEN
654 _aCHU
942 _cLIB
_dJUS
_fJUS
_2ddc
_n
999 _c702
_d702